Raison, vérité et histoire / (Record no. 122995)

MARC details
000 -LEADER
campo de control de longitud fija 00632nam a2200217 4500
001 - NÚMERO DE CONTROL
campo de control 122995
003 - IDENTIFICADOR DE NÚMERO DE CONTROL
campo de control ES-MaACL
005 - FECHA Y HORA DE LA ÚLTIMA TRANSACCIÓN
campo de control 20230906192102.0
007 - CAMPO FIJO DE DESCRIPCIÓN FÍSICA--INFORMACIÓN GENERAL
campo de control de longitud fija t|
008 - DATOS DE LONGITUD FIJA--INFORMACIÓN GENERAL
campo de control de longitud fija 070214s1984 fr r ||||0| fre d
020 ## - NÚMERO INTERNACIONAL ESTÁNDAR DEL LIBRO
Número Internacional Estándar del Libro 2-7073-0699-1
100 1# - ENTRADA PRINCIPAL--NOMBRE DE PERSONA
Nombre de persona Putnam, Hilary.
9 (RLIN) 94434
245 10 - MENCIÓN DEL TÍTULO
Título Raison, vérité et histoire /
Mención de responsabilidad, etc. Hilary Putnam ; traduit de l'anglais par Abel Gerschenfeld.
260 ## - PUBLICACIÓN, DISTRIBUCIÓN, ETC.
Lugar de publicación, distribución, etc. Paris :
Nombre del editor, distribuidor, etc. Minuit,
Fecha de publicación, distribución, etc. 1984.
300 ## - DESCRIPCIÓN FÍSICA
Extensión 242 p ;
Dimensiones 22 cm.
490 1# - MENCIÓN DE SERIE
Mención de serie Propositions
700 1# - ENTRADA AGREGADA--NOMBRE PERSONAL
Nombre de persona Gerschenfeld, Abel.
9 (RLIN) 56497
830 0# - PUNTO DE ACCESO ADICIONAL DE SERIE-TÍTULO UNIFORME
Título uniforme Propositions
9 (RLIN) 177824
852 ## - LOCALIZACIÓN
Ubicación ES-MaACL
Número de control de estantería L-11898
Sublocalización o colección R.113489
Holdings
Estatus retirado Estado de pérdida Estado de daño No para préstamo Biblioteca de origen Biblioteca actual Ubicación en estantería Fecha de adquisición Fuente de adquisición Total de préstamos Signatura topográfica completa Código de barras Visto por última vez Precio de reemplazo Tipo de ítem Koha
        Biblioteca del Ateneo de Madrid Biblioteca del Ateneo de Madrid Depósito 2 17/01/2008     L-11898 1128164 23/02/2023 23/02/2023 Libro impreso